<?xml version="1.0" encoding="UTF-8"?>
<record
    xmlns:xsi="http://www.w3.org/2001/XMLSchema-instance"
    xsi:schemaLocation="http://www.loc.gov/MARC21/slim http://www.loc.gov/standards/marcxml/schema/MARC21slim.xsd"
    xmlns="http://www.loc.gov/MARC21/slim">

  <leader>00529nam a2200193   4500</leader>
  <controlfield tag="003">SEACOMEC</controlfield>
  <controlfield tag="005">20241204130224.0</controlfield>
  <controlfield tag="008">241204b        |||||||| |||| 00| 0 eng d</controlfield>
  <datafield tag="020" ind1=" " ind2=" ">
    <subfield code="a">978-8131702055</subfield>
    <subfield code="c">299.00</subfield>
  </datafield>
  <datafield tag="040" ind1=" " ind2=" ">
    <subfield code="a">SEACOMEC</subfield>
  </datafield>
  <datafield tag="082" ind1=" " ind2=" ">
    <subfield code="a">004 </subfield>
    <subfield code="b">A285</subfield>
  </datafield>
  <datafield tag="100" ind1=" " ind2=" ">
    <subfield code="a"> Aho, Alfred V</subfield>
  </datafield>
  <datafield tag="245" ind1=" " ind2=" ">
    <subfield code="a">The Design and analysis of computer algorithms / </subfield>
    <subfield code="c">Alfred V Aho</subfield>
  </datafield>
  <datafield tag="260" ind1=" " ind2=" ">
    <subfield code="a">New Delhi :</subfield>
    <subfield code="b">Pearson Education Asia, </subfield>
    <subfield code="c"> 2007</subfield>
  </datafield>
  <datafield tag="300" ind1=" " ind2=" ">
    <subfield code="a">x,470</subfield>
  </datafield>
  <datafield tag="700" ind1=" " ind2=" ">
    <subfield code="a">Hopcroft, John E</subfield>
  </datafield>
  <datafield tag="700" ind1=" " ind2=" ">
    <subfield code="a">Ullman, Jeffrey D</subfield>
  </datafield>
  <datafield tag="942" ind1=" " ind2=" ">
    <subfield code="c">BOOK</subfield>
  </datafield>
  <datafield tag="952" ind1=" " ind2=" ">
    <subfield code="0">0</subfield>
    <subfield code="1">0</subfield>
    <subfield code="2">ddc</subfield>
    <subfield code="4">0</subfield>
    <subfield code="7">0</subfield>
    <subfield code="a">SEACOMEC</subfield>
    <subfield code="b">SEACOMEC</subfield>
    <subfield code="d">2008-04-03</subfield>
    <subfield code="l">0</subfield>
    <subfield code="o">004  A285</subfield>
    <subfield code="p">10629</subfield>
    <subfield code="r">2024-12-04 13:02:56</subfield>
    <subfield code="w">2024-12-04</subfield>
    <subfield code="y">REF</subfield>
  </datafield>
  <datafield tag="952" ind1=" " ind2=" ">
    <subfield code="0">0</subfield>
    <subfield code="1">0</subfield>
    <subfield code="2">ddc</subfield>
    <subfield code="4">0</subfield>
    <subfield code="7">0</subfield>
    <subfield code="a">SEACOMEC</subfield>
    <subfield code="b">SEACOMEC</subfield>
    <subfield code="d">2008-04-03</subfield>
    <subfield code="l">0</subfield>
    <subfield code="o">004  A285</subfield>
    <subfield code="p">10630</subfield>
    <subfield code="r">2024-12-04 13:02:56</subfield>
    <subfield code="t">1</subfield>
    <subfield code="w">2024-12-04</subfield>
    <subfield code="y">BOOK</subfield>
  </datafield>
  <datafield tag="952" ind1=" " ind2=" ">
    <subfield code="0">0</subfield>
    <subfield code="1">0</subfield>
    <subfield code="2">ddc</subfield>
    <subfield code="4">0</subfield>
    <subfield code="7">0</subfield>
    <subfield code="a">SEACOMEC</subfield>
    <subfield code="b">SEACOMEC</subfield>
    <subfield code="d">2008-04-03</subfield>
    <subfield code="l">0</subfield>
    <subfield code="o">004  A285</subfield>
    <subfield code="p">10631</subfield>
    <subfield code="r">2024-12-04 13:02:56</subfield>
    <subfield code="t">2</subfield>
    <subfield code="w">2024-12-04</subfield>
    <subfield code="y">BOOK</subfield>
  </datafield>
  <datafield tag="952" ind1=" " ind2=" ">
    <subfield code="0">0</subfield>
    <subfield code="1">0</subfield>
    <subfield code="2">ddc</subfield>
    <subfield code="4">0</subfield>
    <subfield code="7">0</subfield>
    <subfield code="a">SEACOMEC</subfield>
    <subfield code="b">SEACOMEC</subfield>
    <subfield code="d">2008-04-03</subfield>
    <subfield code="l">0</subfield>
    <subfield code="o">004  A285</subfield>
    <subfield code="p">10632</subfield>
    <subfield code="r">2024-12-04 13:02:56</subfield>
    <subfield code="t">3</subfield>
    <subfield code="w">2024-12-04</subfield>
    <subfield code="y">BOOK</subfield>
  </datafield>
  <datafield tag="952" ind1=" " ind2=" ">
    <subfield code="0">0</subfield>
    <subfield code="1">0</subfield>
    <subfield code="2">ddc</subfield>
    <subfield code="4">0</subfield>
    <subfield code="7">0</subfield>
    <subfield code="a">SEACOMEC</subfield>
    <subfield code="b">SEACOMEC</subfield>
    <subfield code="d">2008-04-03</subfield>
    <subfield code="l">0</subfield>
    <subfield code="o">004  A285</subfield>
    <subfield code="p">10633</subfield>
    <subfield code="r">2024-12-04 13:02:56</subfield>
    <subfield code="t">4</subfield>
    <subfield code="w">2024-12-04</subfield>
    <subfield code="y">BOOK</subfield>
  </datafield>
  <datafield tag="952" ind1=" " ind2=" ">
    <subfield code="0">0</subfield>
    <subfield code="1">0</subfield>
    <subfield code="2">ddc</subfield>
    <subfield code="4">0</subfield>
    <subfield code="7">0</subfield>
    <subfield code="a">SEACOMEC</subfield>
    <subfield code="b">SEACOMEC</subfield>
    <subfield code="d">2008-04-03</subfield>
    <subfield code="l">0</subfield>
    <subfield code="o">004  A285</subfield>
    <subfield code="p">10634</subfield>
    <subfield code="r">2024-12-04 13:02:56</subfield>
    <subfield code="t">5</subfield>
    <subfield code="w">2024-12-04</subfield>
    <subfield code="y">BOOK</subfield>
  </datafield>
  <datafield tag="952" ind1=" " ind2=" ">
    <subfield code="0">0</subfield>
    <subfield code="1">0</subfield>
    <subfield code="2">ddc</subfield>
    <subfield code="4">0</subfield>
    <subfield code="7">0</subfield>
    <subfield code="a">SEACOMEC</subfield>
    <subfield code="b">SEACOMEC</subfield>
    <subfield code="d">2008-07-26</subfield>
    <subfield code="l">0</subfield>
    <subfield code="o">004  A285</subfield>
    <subfield code="p">12226</subfield>
    <subfield code="r">2025-01-20 13:37:52</subfield>
    <subfield code="t">6</subfield>
    <subfield code="w">2025-01-20</subfield>
    <subfield code="y">BOOK</subfield>
  </datafield>
  <datafield tag="952" ind1=" " ind2=" ">
    <subfield code="0">0</subfield>
    <subfield code="1">0</subfield>
    <subfield code="2">ddc</subfield>
    <subfield code="4">0</subfield>
    <subfield code="7">0</subfield>
    <subfield code="a">SEACOMEC</subfield>
    <subfield code="b">SEACOMEC</subfield>
    <subfield code="d">2008-07-26</subfield>
    <subfield code="l">0</subfield>
    <subfield code="o">004  A285</subfield>
    <subfield code="p">12227</subfield>
    <subfield code="r">2025-01-20 13:37:52</subfield>
    <subfield code="t">7</subfield>
    <subfield code="w">2025-01-20</subfield>
    <subfield code="y">BOOK</subfield>
  </datafield>
  <datafield tag="952" ind1=" " ind2=" ">
    <subfield code="0">0</subfield>
    <subfield code="1">0</subfield>
    <subfield code="2">ddc</subfield>
    <subfield code="4">0</subfield>
    <subfield code="7">0</subfield>
    <subfield code="a">SEACOMEC</subfield>
    <subfield code="b">SEACOMEC</subfield>
    <subfield code="d">2008-07-26</subfield>
    <subfield code="l">0</subfield>
    <subfield code="o">004  A285</subfield>
    <subfield code="p">12228</subfield>
    <subfield code="r">2025-01-20 13:37:52</subfield>
    <subfield code="t">8</subfield>
    <subfield code="w">2025-01-20</subfield>
    <subfield code="y">BOOK</subfield>
  </datafield>
  <datafield tag="952" ind1=" " ind2=" ">
    <subfield code="0">0</subfield>
    <subfield code="1">0</subfield>
    <subfield code="2">ddc</subfield>
    <subfield code="4">0</subfield>
    <subfield code="7">0</subfield>
    <subfield code="a">SEACOMEC</subfield>
    <subfield code="b">SEACOMEC</subfield>
    <subfield code="d">2008-07-26</subfield>
    <subfield code="l">0</subfield>
    <subfield code="o">004  A285</subfield>
    <subfield code="p">12229</subfield>
    <subfield code="r">2025-01-20 13:37:52</subfield>
    <subfield code="t">9</subfield>
    <subfield code="w">2025-01-20</subfield>
    <subfield code="y">BOOK</subfield>
  </datafield>
  <datafield tag="952" ind1=" " ind2=" ">
    <subfield code="0">0</subfield>
    <subfield code="1">0</subfield>
    <subfield code="2">ddc</subfield>
    <subfield code="4">0</subfield>
    <subfield code="7">0</subfield>
    <subfield code="a">SEACOMEC</subfield>
    <subfield code="b">SEACOMEC</subfield>
    <subfield code="d">2008-07-26</subfield>
    <subfield code="l">0</subfield>
    <subfield code="o">004  A285</subfield>
    <subfield code="p">12230</subfield>
    <subfield code="r">2025-01-20 13:37:52</subfield>
    <subfield code="t">10</subfield>
    <subfield code="w">2025-01-20</subfield>
    <subfield code="y">BOOK</subfield>
  </datafield>
  <datafield tag="952" ind1=" " ind2=" ">
    <subfield code="0">0</subfield>
    <subfield code="1">0</subfield>
    <subfield code="2">ddc</subfield>
    <subfield code="4">0</subfield>
    <subfield code="7">0</subfield>
    <subfield code="a">SEACOMEC</subfield>
    <subfield code="b">SEACOMEC</subfield>
    <subfield code="d">2008-07-26</subfield>
    <subfield code="l">0</subfield>
    <subfield code="o">004  A285</subfield>
    <subfield code="p">12231</subfield>
    <subfield code="r">2025-01-20 13:37:52</subfield>
    <subfield code="t">11</subfield>
    <subfield code="w">2025-01-20</subfield>
    <subfield code="y">BOOK</subfield>
  </datafield>
  <datafield tag="952" ind1=" " ind2=" ">
    <subfield code="0">0</subfield>
    <subfield code="1">0</subfield>
    <subfield code="2">ddc</subfield>
    <subfield code="4">0</subfield>
    <subfield code="7">0</subfield>
    <subfield code="a">SEACOMEC</subfield>
    <subfield code="b">SEACOMEC</subfield>
    <subfield code="d">2008-07-26</subfield>
    <subfield code="l">0</subfield>
    <subfield code="o">004  A285</subfield>
    <subfield code="p">12232</subfield>
    <subfield code="r">2025-01-20 13:37:52</subfield>
    <subfield code="t">12</subfield>
    <subfield code="w">2025-01-20</subfield>
    <subfield code="y">BOOK</subfield>
  </datafield>
  <datafield tag="952" ind1=" " ind2=" ">
    <subfield code="0">0</subfield>
    <subfield code="1">0</subfield>
    <subfield code="2">ddc</subfield>
    <subfield code="4">0</subfield>
    <subfield code="7">0</subfield>
    <subfield code="a">SEACOMEC</subfield>
    <subfield code="b">SEACOMEC</subfield>
    <subfield code="d">2008-07-26</subfield>
    <subfield code="l">0</subfield>
    <subfield code="o">004  A285</subfield>
    <subfield code="p">12233</subfield>
    <subfield code="r">2025-01-20 13:37:52</subfield>
    <subfield code="t">13</subfield>
    <subfield code="w">2025-01-20</subfield>
    <subfield code="y">BOOK</subfield>
  </datafield>
  <datafield tag="952" ind1=" " ind2=" ">
    <subfield code="0">0</subfield>
    <subfield code="1">0</subfield>
    <subfield code="2">ddc</subfield>
    <subfield code="4">0</subfield>
    <subfield code="7">0</subfield>
    <subfield code="a">SEACOMEC</subfield>
    <subfield code="b">SEACOMEC</subfield>
    <subfield code="d">2008-07-26</subfield>
    <subfield code="l">0</subfield>
    <subfield code="o">004  A285</subfield>
    <subfield code="p">12234</subfield>
    <subfield code="r">2025-01-20 13:37:52</subfield>
    <subfield code="t">14</subfield>
    <subfield code="w">2025-01-20</subfield>
    <subfield code="y">BOOK</subfield>
  </datafield>
  <datafield tag="952" ind1=" " ind2=" ">
    <subfield code="0">0</subfield>
    <subfield code="1">0</subfield>
    <subfield code="2">ddc</subfield>
    <subfield code="4">0</subfield>
    <subfield code="7">0</subfield>
    <subfield code="a">SEACOMEC</subfield>
    <subfield code="b">SEACOMEC</subfield>
    <subfield code="d">2008-07-26</subfield>
    <subfield code="l">0</subfield>
    <subfield code="o">004  A285</subfield>
    <subfield code="p">12235</subfield>
    <subfield code="r">2025-01-20 13:37:52</subfield>
    <subfield code="t">15</subfield>
    <subfield code="w">2025-01-20</subfield>
    <subfield code="y">BOOK</subfield>
  </datafield>
  <datafield tag="999" ind1=" " ind2=" ">
    <subfield code="c">1860</subfield>
    <subfield code="d">1860</subfield>
  </datafield>
</record>
